Hill and Redman's law of landlord and tenant. Second (cumulative) supplement to sixteenth edition (Record no. 93904)
[ view plain ]
| 000 -LEADER | |
|---|---|
| fixed length control field | 00657cam a2200217 4500 |
| 001 - CONTROL NUMBER | |
| control field | D5578 |
| 008 - FIXED-LENGTH DATA ELEMENTS--GENERAL INFORMATION | |
| fixed length control field | 090401t1979 xxu||||| |||| 00| 0 eng d |
| 035 ## - SYSTEM CONTROL NUMBER | |
| System control number | (Sirsi) u57169 |
| 041 ## - LANGUAGE CODE | |
| Language code of text/sound track or separate title | eng |
| 050 ## - LIBRARY OF CONGRESS CALL NUMBER | |
| Classification number | 346.410434 |
| 100 ## - MAIN ENTRY--PERSONAL NAME | |
| Personal name | Hill, Harold Arthur |
| 245 ## - TITLE STATEMENT | |
| Title | Hill and Redman's law of landlord and tenant. Second (cumulative) supplement to sixteenth edition |
| 260 ## - PUBLICATION, DISTRIBUTION, ETC. | |
| Place of publication, distribution, etc. | London |
| Name of publisher, distributor, etc. | Butterworths |
| Date of publication, distribution, etc. | 1979 |
| 300 ## - PHYSICAL DESCRIPTION | |
| Extent | xxiii. 556p. 25cm |
| 350 ## - PRICE (NR) (BK AM CF MU VM SE) [OBSOLETE] | |
| Price | 0 |
| 520 ## - SUMMARY, ETC. | |
| Summary, etc. | Author - Christopher Lockhart-Mummery: containing developments up to 1st October 1978 |
| 700 ## - ADDED ENTRY--PERSONAL NAME | |
| Personal name | Barnes, Michael |
| 700 ## - ADDED ENTRY--PERSONAL NAME | |
| Personal name | Hands, David |
| 942 ## - ADDED ENTRY ELEMENTS (KOHA) | |
| Suppress in OPAC | 0 |
| 948 ## - LOCAL PROCESSING INFORMATION (OCLC); SERIES PART DESIGNATOR (RLIN) | |
| c (OCLC) | 04/03/1997 |
| Withdrawn status | Lost status | Source of classification or shelving scheme | Damaged status | Not for loan | Home library | Current library | Shelving location | Date acquired | Total Checkouts | Full call number | Barcode | Date last seen | Copy number | Price effective from | Koha item type |
|---|---|---|---|---|---|---|---|---|---|---|---|---|---|---|---|
| Dewey Decimal Classification | London | London | Basement | 14/09/1999 | SHELF 305 | 30008888 | 06/08/2019 | 1 | 06/08/2019 | Book |